LIBRARY & INFORMATION CENTRE, KCAET, TAVANUR

ONLINE PUBLIC ACCESS CATALOGUE (OPAC)

Max Beerbohm: Selected Essays / (Record no. 6927)

MARC details
000 -LEADER
fixed length control field 00384cam a2200157ua 4500
041 ## - LANGUAGE CODE
Language code of text/sound track or separate title eng
082 ## - DEWEY DECIMAL CLASSIFICATION NUMBER
Classification number 824
Item number CLA/MA
100 ## - MAIN ENTRY--AUTHOR NAME
Personal name Clay, N L .
245 ## - TITLE STATEMENT
Title Max Beerbohm: Selected Essays /
250 ## - EDITION STATEMENT
Edition statement 1 /
260 ## - PUBLICATION, DISTRIBUTION, ETC. (IMPRINT)
Place of publication Melbourne :
Name of publisher William Heinemann Ltd ,
Year of publication 1958.
300 ## - PHYSICAL DESCRIPTION
Number of Pages 139 ; .
942 ## - ADDED ENTRY ELEMENTS (KOHA)
Koha item type Books
Holdings
Withdrawn status Lost status Damaged status Home library Current library Date acquired Cost, normal purchase price Full call number Accession Number Koha item type Public note
Withdrawn     KAUAET Sanskrit University 07/04/2012 6.60 824 7066 Books Transferred to Sanskrit University
free website counter